000 00973cam a22002531 4500
001 ne 65002399
003 DLC
005 20260227111818.0
008 900328s1962 sy h b 000 0 ara
010 _ane 65002399
025 _aPL480:UAR-6230
035 _a(OCoLC)21279749
040 _aDLC
_cWaU
_dWaU
_dDLC
050 0 0 _aPJ6131
_b.Z26 1962
100 1 _aZajjājī, ʻAbd al-Raḥmān ibn Isḥāq,
_d-approximately 950.
245 1 0 _aKitāb al-ibdāl wa-al-muʻāqabah wa-al-nazāʼir,
_ctaʼlīf Abī al-Qāsim ʻAbd al-Raḥmān ibn Isḥaq al-Zajjājī. Ḥaqqaqahu wa-qaddama lahu wa-sharraḥahu ʻIzz al-Dīn al-Tanūkhī.
260 _aDimashq,
_c1962.
300 _a14, 126, [1] p.
_bfacsims.
_c24 cm.
440 0 _aMaṭbūʻāt al-Majmaʻ al-ʻIlmī al-ʻArabī bi-Dimashq
504 _aBibliography: p. [127]
650 0 _aArabic language
_xInflection.
700 1 _aTanūkhī, ʻIzz al-Dīn.
740 0 _aIbdāl wa-al-muʻāqabah wa-al-naẓāʼir.
999 _c48512
_d48512